philosophes par notions - Quiz - Statistiques

Statistiques générales
  • Ce quiz a été pris 374 fois
  • Le résultat moyen est 2 sur 17
Statistiques - réponses
thèmes philosophes % Correct
inconscience Freud
99%
nature Freud
99%
verite Popper
5%
language Descartes Hegel Freud
1%
raison Kant Descartes
1%
religion Kant Freud
1%
justice Pascal Marx
1%
conscience Sartre Descartes Freud
1%
science Aristote Heidegger Descartes
0%
technique Aristote Marx Heidegger
0%
temps Aurèle Sartre
0%
bonheur Épicure Aristote Kant Rousseau
0%
travail Hegel Marx
0%
etat Hobbes Marx
0%
art Kant Bergson Freud
0%
devoire Sartre Kant Freud
0%
liberte Sartre Kant Spinoza
0%
Aucun quiz correspondant
Distribution des résultats
% des personnes avec chaque résultat
Percentile par nombre de réponses
Votre historique - résultats
Vous n’avez pas pris ce quiz